000 00786nam a2200217 i 4500
001 41158
003 ES-MaACL
005 20250814080341.0
007 t|
008 030310q1915 sp ||||1| spa d
100 1 _aCascales Muñoz, José,
_d1865-1933
_936269
245 1 0 _aDemocracia colectivista
_b: lecciones de sociología sobre una nueva política a la antigua española, calcada de la que hoy siguen los partidos más radicales /
_cpor José Cascales Muñoz.
260 _aMadrid :
_bSociedad Española de Librería,
_c[1915?]
300 _a102 p. ;
_c18 cm.
650 7 _aGremios
_2embne
_9136202
650 0 4 _aClases sociales.
_911111
650 7 _aPolítica
_2embne
_9140345
852 _aES-MaACL
_jD-3476
852 _aES-MaACL
_jA-937
999 _c41158
_d41158